Belief, Probability and Plausibility

Elmentve itt :
Bibliográfiai részletek
Szerzők: Dombi József
Jónás Tamás
Dokumentumtípus: Könyv része
Megjelent: Springer International Publishing Heidelberg 2021
Sorozat:Advances in the Theory of Probabilistic and Fuzzy Data Scientific Methods with Applications
Tárgyszavak:
doi:10.1007/978-3-030-51949-0_1

mtmt:33536252
Online Access:http://publicatio.bibl.u-szeged.hu/26018
LEADER 00871naa a2200229 i 4500
001 publ26018
005 20230109123332.0
008 230109s2021 hu o 0|| Angol d
020 |a 9783030519483; 9783030519490 
024 7 |a 10.1007/978-3-030-51949-0_1  |2 doi 
024 7 |a 33536252  |2 mtmt 
040 |a SZTE Publicatio Repozitórium  |b hun 
041 |a Angol 
100 1 |a Dombi József 
245 1 0 |a Belief, Probability and Plausibility  |h [elektronikus dokumentum] /  |c  Dombi József 
260 |a Springer International Publishing  |b Heidelberg  |c 2021 
300 |a 26 
300 |a 1-26 
490 0 |a Advances in the Theory of Probabilistic and Fuzzy Data Scientific Methods with Applications 
650 4 |a Számítás- és információtudomány 
700 0 1 |a Jónás Tamás  |e aut 
856 4 0 |u http://publicatio.bibl.u-szeged.hu/26018/7/Advances_Belief_1-26.pdf  |z Dokumentum-elérés